Celeste - Spring Collab Maps - Statistics

General Stats
  • This quiz has been taken 5 times
  • The average score is 48 of 93
Answer Stats
Answer % Correct
KoKoDoKo?
100%
Crypt of the Kevins
80%
Fish Hell
80%
Grandmaster Heartside
80%
Temporal Tower
80%
TheHeck90
80%
Theo Hell
80%
Ultra Difficult
80%
Above Celeste's Peak
60%
Advanced Heartside
60%
Ancient Engine
60%
Another Summit
60%
Aquatic Underground
60%
Azurite Ascent
60%
Beginner Heartside
60%
Blast Processing
60%
Chillout Mountain
60%
Claustrophobia
60%
Crimson Night
60%
Crumbling Castle
60%
Cycle Madness
60%
Desolate Spire
60%
Electric Exuberance
60%
Error 418
60%
Expert Heartside
60%
Ferocious Sanctuary
60%
Flooded Waterways
60%
Forest of the Ancients
60%
Gem Garden
60%
Heart of the Storm
60%
Heavenly
60%
Heaven's Outer Space
60%
High Voltage
60%
Intermediate Heartside
60%
Ligament
60%
Madelina Jones and the Temple of Zoom
60%
Mossy Caverns
60%
Mural Skies
60%
Olden Tower Ruins
60%
Starjump
60%
Subterranean Exploration
60%
Temple of the Kevins
60%
The Game
60%
Trenches of Jellies
60%
Tripeak Trail
60%
Ultra Sandwich
60%
Abandoned and Ruined
40%
Badeline Block Belt
40%
Blank Dreams
40%
Booster in Orbit
40%
Cave-in Cavern
40%
Circular Platform Clutter
40%
Cirque Maderano
40%
City of Tears
40%
Crystal Enigma
40%
Dark Side of the Moon
40%
Desecration
40%
Dreamy Bluffs
40%
Electric Stratosphere
40%
Electrified Resort
40%
Heavenly Altitudes
40%
Into the Storm
40%
Jots & Scribbles
40%
Lucid Caverns
40%
Major Malfunction
40%
Mobius Temple
40%
New Jank City
40%
Nice Doppelganger
40%
Northern Lights
40%
nyoom
40%
Overgrown City
40%
Rhythm Realm
40%
Satellite
40%
Seeker Temple
40%
Serene Skydive
40%
Sizzling Citadel
40%
Space Garden
40%
Space Jam Fever Dream
40%
Spirit Spire
40%
Starlit Grotto
40%
Stratcour Summit
40%
String
40%
Switchback Station
40%
The Climb
40%
The Correlation
40%
The Dark Core
40%
The Singularity
40%
Thoughtful Dreams
40%
Thunder Temple
40%
Toxic Sewers
40%
Water and Ice
40%
Watertown
40%
Hot and Cold Cavern
20%
No matching quizzes found
Score Distribution
Percent of People with Each Score
Percentile by Number Answered
Your Score History
You have not taken this quiz